Statistics for NBA MVPs

Click here to take the quiz!

General Stats

  • This quiz has been taken 27 times
    (9 since last reset)
  • The average score is 57 of 63

Answer Stats

SeasonPlayer% Correct
1994 - 1995David Robinson
100%
2017 - 2018James Harden
100%
2003 - 2004Kevin Garnett
100%
2007 - 2008Kobe Bryant
100%
1983 - 1984Larry Bird
100%
1984 - 1985Larry Bird
100%
1985 - 1986Larry Bird
100%
2012 - 2013LeBron James
100%
2011 - 2012LeBron James
100%
2009 - 2010LeBron James
100%
2008 - 2009LeBron James
100%
1988 - 1989Magic Johnson
100%
1989 - 1990Magic Johnson
100%
1986 - 1987Magic Johnson
100%
1987 - 1988Michael Jordan
100%
1997 - 1998Michael Jordan
100%
1990 - 1991Michael Jordan
100%
1991 - 1992Michael Jordan
100%
1995 - 1996Michael Jordan
100%
1978 - 1979Moses Malone
100%
1981 - 1982Moses Malone
100%
1982 - 1983Moses Malone
100%
2016 - 2017Russell Westbrook
100%
1999 - 2000Shaquille O'Neal
100%
2015 - 2016Stephen Curry
100%
2014 - 2015Stephen Curry
100%
2002 - 2003Tim Duncan
100%
2001 - 2002Tim Duncan
100%
1959 - 1960Wilt Chamberlain
100%
1967 - 1968Wilt Chamberlain
100%
1965 - 1966Wilt Chamberlain
100%
1966 - 1967Wilt Chamberlain
100%
2000 - 2001Allen Iverson
88%
1960 - 1961Bill Russell
88%
1957 - 1958Bill Russell
88%
1964 - 1965Bill Russell
88%
1962 - 1963Bill Russell
88%
1961 - 1962Bill Russell
88%
1956 - 1957Bob Cousy
88%
1992 - 1993Charles Barkley
88%
2010 - 2011Derrick Rose
88%
2006 - 2007Dirk Nowitzki
88%
1993 - 1994Hakeem Olajuwon
88%
1980 - 1981Julius Erving
88%
1979 - 1980Kareem Abdul-Jabbar
88%
1975 - 1976Kareem Abdul-Jabbar
88%
1971 - 1972Kareem Abdul-Jabbar
88%
1973 - 1974Kareem Abdul-Jabbar
88%
1976 - 1977Kareem Abdul-Jabbar
88%
1998 - 1999Karl Malone
88%
1996 - 1997Karl Malone
88%
2013 - 2014Kevin Durant
88%
2004 - 2005Steve Nash
88%
2005 - 2006Steve Nash
88%
1977 - 1978Bill Walton
75%
1958 - 1959Bob Pettit
75%
1955 - 1956Bob Pettit
75%
1963 - 1964Oscar Robertson
75%
1968 - 1969Wes Unseld
75%
1969 - 1970Willis Reed
75%
1974 - 1975Bob McAdoo
63%
1972 - 1973Dave Cowens
38%
1970 - 1971Lew Alcindor
38%

Score Distribution

Percentile by Number Answered

Percent of People with Each Score

Your Score History

You have not taken this quiz since the last reset